[Event "Universiad Men 27th"]
[Site "Kazan"]
[Date "2013.07.12"]
[Round "5"]
[White "Hwang, Sungjae"]
[Black "Sato, Kaname"]
[Result "1/2-1/2"]
[WhiteElo "1830"]
[BlackElo "2038"]
[PlyCount "86"]
[EventDate "2013.07.09"]
[EventType "swiss"]
[EventRounds "9"]
[EventCountry "RUS"]
[SourceTitle "EXT 2014"]
[Source "ChessBase"]
[SourceDate "2013.11.20"]
[SourceVersion "1"]
[SourceVersionDate "2013.11.20"]
[SourceQuality "1"]

1. Nf3 c5 2. c4 g6 3. d4 cxd4 4. Nxd4 Bg7 5. e4 Nc6 6. Be3 Nf6 7. Nc3 d6 8. Be2 0-0 9. Rc1 Bd7 10. 0-0 Nxd4 11. Bxd4 Bc6 12. f3 a5 13. b3 Nd7 14. Bxg7 Kxg7 15. Qd4+ Kg8 16. Rfd1 Qb6 17. Qxb6 Nxb6 18. Nd5 Bxd5 19. exd5 Rfc8 20. a4 Nd7 21. Bd3 Nc5 22. Bc2 Ra6 23. Re1 e5 24. dxe6 fxe6 25. Rcd1 Rcc6 26. Rd2 Rab6 27. Re3 Kf7 28. f4 Rb4 29. Rde2 d5 30. cxd5 exd5 31. f5 gxf5 32. Re5 Nxb3 33. Rxf5+ Rf6 34. Rxd5 Nd4 35. Rd7+ Kf8 36. Rd8+ Kg7 37. Rd7+ Rf7 38. Rxf7+ Kxf7 39. Rd2 Ke6 40. Bxh7 Rxa4 41. Bg8+ Ke5 42. h4 Nf5 43. Rd5+ Kf6 1/2-1/2

[Event "Universiad Men 27th"]
[Site "Kazan"]
[Date "2013.07.10"]
[Round "3"]
[White "Sato, Kaname"]
[Black "Gaehler, Marco"]
[Result "0-1"]
[WhiteElo "2038"]
[BlackElo "2317"]
[PlyCount "82"]
[EventDate "2013.07.09"]
[EventType "swiss"]
[EventRounds "9"]
[EventCountry "RUS"]
[SourceTitle "EXT 2014"]
[Source "ChessBase"]
[SourceDate "2013.11.20"]
[SourceVersion "1"]
[SourceVersionDate "2013.11.20"]
[SourceQuality "1"]

1. e4 g6 2. d4 Bg7 3. Nc3 d6 4. Be3 Nd7 5. Qd2 c6 6. a4 Qa5 7. Rd1 Ngf6 8. h3 0-0 9. Nf3 a6 10. Bd3 b5 11. axb5 axb5 12. 0-0 e5 13. dxe5 dxe5 14. Bh6 Bxh6 15. Qxh6 Qb4 16. Ne2 Qxb2 17. Rb1 Qa3 18. Ra1 Qxa1 19. Rxa1 Rxa1+ 20. Kh2 Re8 21. Ng3 Ra2 22. Nh4 Nf8 23. Qg5 N6d7 24. Ngf5 Ne6 25. Qg3 Ba6 26. Nd6 Rf8 27. Nhf5 Kh8 28. Ne7 b4 29. Nxc6 Bxd3 30. Nxb4 Rxc2 31. Qxd3 Rxf2 32. Qg3 Rd2 33. Nd5 Nf4 34. Qc3 Rxg2+ 35. Kh1 Nxd5 36. exd5 Re2 37. Qd3 Ra2 38. Nc4 Kg7 39. d6 Rb8 40. Kg1 Rb4 41. Kf1 Nc5 0-1

[Event "Universiad Men 27th"]
[Site "Kazan"]
[Date "2013.07.09"]
[Round "1"]
[White "Sato, Kaname"]
[Black "Atabayev, Maksat"]
[Result "0-1"]
[WhiteElo "2038"]
[BlackElo "2460"]
[PlyCount "90"]
[EventDate "2013.07.09"]
[EventType "swiss"]
[EventRounds "9"]
[EventCountry "RUS"]
[SourceTitle "EXT 2014"]
[Source "ChessBase"]
[SourceDate "2013.11.20"]
[SourceVersion "1"]
[SourceVersionDate "2013.11.20"]
[SourceQuality "1"]

1. e4 c5 2. Nc3 Nc6 3. g3 g6 4. Bg2 Bg7 5. d3 e6 6. Be3 Nd4 7. f4 Ne7 8. Nf3 d6 9. 0-0 0-0 10. e5 Nef5 11. Bf2 Nxf3+ 12. Bxf3 dxe5 13. fxe5 Bxe5 14. Bxc5 Bd4+ 15. Bxd4 Qxd4+ 16. Rf2 Rb8 17. Qe2 b5 18. Qe4 b4 19. Qxd4 Nxd4 20. Nd1 Bd7 21. a3 Rfc8 22. Ne3 bxa3 23. Rxa3 Rxb2 24. Rxa7 Be8 25. Bd1 Rb1 26. Kg2 f5 27. Bf3 g5 28. g4 Nxf3 29. Kxf3 f4 30. Nc4 Bc6+ 31. Ke2 Bd5 32. h4 f3+ 33. Ke3 gxh4 34. Nd6 Rf8 35. c4 Ba8 36. Rfa2 Re1+ 37. Kf2 Re2+ 38. Rxe2 fxe2+ 39. Kxe2 Bg2 40. Ra1 h3 41. Ne4 h2 42. Ng3 Rf4 43. Nh1 Rxg4 44. Kf2 Bc6 45. Rd1 Rg2+ 0-1

[Event "Universiad Men 26th"]
[Site "Shenzhen"]
[Date "2011.08.16"]
[Round "4"]
[White "Sato, Kaname"]
[Black "Jurcik, Marian"]
[Result "1/2-1/2"]
[WhiteElo "2020"]
[BlackElo "2481"]
[PlyCount "75"]
[EventDate "2011.08.15"]
[EventType "swiss"]
[EventRounds "9"]
[EventCountry "CHN"]
[SourceTitle "CBM 143 Extra"]
[Source "ChessBase"]
[SourceDate "2011.08.29"]
[SourceVersion "1"]
[SourceVersionDate "2011.08.29"]
[SourceQuality "1"]

1. e4 c5 2. c3 Nf6 3. e5 Nd5 4. d4 cxd4 5. Nf3 d6 6. cxd4 Nc6 7. Bc4 Nb6 8. Bb5 d5 9. Nc3 Bg4 10. Be3 e6 11. 0-0 Rc8 12. Rc1 a6 13. Be2 Be7 14. Nd2 Bxe2 15. Qxe2 0-0 16. f4 f5 17. h3 Rc7 18. g4 Qc8 19. Kh1 Na5 20. Rf2 Na4 21. Ndb1 Bb4 22. Qd1 Nxc3 23. bxc3 Nc4 24. Qd3 Be7 25. Rg2 Na3 26. Bd2 Qe8 27. Rcg1 g6 28. Nxa3 Bxa3 29. c4 Rxc4 30. Qxa3 Rxd4 31. Qb2 Rd3 32. Rg3 Rxg3 33. Rxg3 Qa4 34. gxf5 Rxf5 35. Kh2 Rf7 36. Qb3 Qe4 37. Qd3 Qa4 38. a3 1/2-1/2

[Event "Asia-ch U20"]
[Site "New Delhi"]
[Date "2006.11.10"]
[Round "5.17"]
[White "Sato, Kaname"]
[Black "Anwesh, Upadhyaya"]
[Result "0-1"]
[WhiteElo "1826"]
[BlackElo "2130"]
[PlyCount "138"]
[EventDate "2006.11.07"]
[EventType "swiss"]
[EventRounds "9"]
[EventCountry "IND"]
[SourceTitle "CBM 115 Extra"]
[Source "ChessBase"]
[SourceDate "2007.01.10"]
[SourceVersion "1"]
[SourceVersionDate "2007.01.10"]
[SourceQuality "1"]

1. e4 e5 2. Nf3 Nc6 3. Bb5 a6 4. Ba4 Nf6 5. 0-0 Be7 6. Re1 b5 7. Bb3 0-0 8. h3 d6 9. c3 Nb8 10. d4 Nbd7 11. Nbd2 Bb7 12. Bc2 Re8 13. Nf1 Bf8 14. Ng3 g6 15. Nh2 c5 16. d5 Bg7 17. Ng4 Nxg4 18. Qxg4 Nf6 19. Qe2 Qc7 20. Be3 Nd7 21. Qd2 Rab8 22. Bh6 Qd8 23. Bxg7 Kxg7 24. Nf1 Qe7 25. Nh2 Nf6 26. Ng4 Nxg4 27. hxg4 Qh4 28. f3 h5 29. gxh5 Qxh5 30. g4 Qh4 31. Kg2 Rh8 32. Rh1 Qf6 33. a4 Rbg8 34. axb5 axb5 35. b4 c4 36. Qe3 Bc8 37. Rag1 Bd7 38. Ra1 g5 39. Qd2 Ra8 40. Rxa8 Rxa8 41. Bb1 Qf4 42. Qxf4 gxf4 43. Rc1 Ra1 44. Kh2 Kf6 45. Kh3 Kg5 46. Rf1 Be8 47. Rg1 Bd7 48. Rf1 Ra3 49. Rc1 Rb3 50. Kg2 Rb2+ 51. Bc2 Bxg4 52. fxg4 Kxg4 53. Kf2 f3 54. Ke3 Kg3 55. Bd1 Rf2 56. Ra1 Rf1 57. Ra8 Rxd1 58. Rg8+ Kh3 59. Kxf3 Rd3+ 60. Ke2 Rxc3 61. Rd8 Kg4 62. Rxd6 Kf4 63. Rb6 Kxe4 64. Rxb5 Rd3 65. Rc5 Rxd5 66. Rxc4+ Rd4 67. Rc7 f5 68. b5 Rb4 69. Rb7 f4 0-1